[Event "Women's World Rapid Championship 2012"]
[Site "Batumi GEO"]
[Date "2012.06.01"]
[Round "4.21"]
[White "Klinova, Masha"]
[Black "Lomineishvili, Maia"]
[Result "1/2-1/2"]
[WhiteTitle "IM"]
[BlackTitle "IM"]
[WhiteElo "2318"]
[BlackElo "2366"]
[WhiteFideId "2802015"]
[BlackFideId "13600656"]
[EventDate "2012.05.31"]

1. e4 c5 2. Nf3 Nc6 3. Bb5 g6 4. O-O Bg7 5. Bxc6 dxc6 6. d3 e5 7. Nbd2 Ne7 8.
Nc4 Qc7 9. Be3 b6 10. a4 O-O 11. Qc1 Bg4 12. Nfd2 f5 13. f3 Bh5 14. a5 f4 15.
Bf2 g5 16. h3 Bf7 17. Qb1 Ng6 18. axb6 axb6 19. b4 b5 20. Na5 cxb4 21. Qxb4 Rfd8
22. Qc3 Be8 23. Nab3 h5 24. Rxa8 Rxa8 25. Ra1 Rxa1+ 26. Qxa1 Bd7 27. Qa8+ Kh7
28. Qa7 Qxa7 29. Bxa7 g4 30. hxg4 hxg4 31. fxg4 Bxg4 32. Nf3 Bf6 33. Na5 Bd7 34.
Bc5 Nh4 35. Kf2 Kg6 36. Nb3 Be6 37. Bd6 Nxf3 38. Kxf3 Kh5 39. Na5 Bg4+ 40. Kf2
Bd7 41. g3 Kg4 42. gxf4 Kxf4 43. Ke2 Bg5 44. Kd2 Kf3+ 45. Kc3 Ke2 46. Kb3 Bf4
47. Bc5 Be6+ 48. Kb2 Bd7 49. Kb3 Kd1 50. Bd6 Kc1 51. Ba3+ Kd1 52. Bd6 Kc1 53.
Ba3+ Kb1 54. Bd6 Be6+ 55. c4 Kc1 56. Nxc6 bxc4+ 57. dxc4 Kd2 58. Bxe5 Bxe5 59.
Nxe5 Ke3 60. Kb4 1/2-1/2

[Event "Women's World Rapid Championship 2012"]
[Site "Batumi GEO"]
[Date "2012.06.01"]
[Round "4.22"]
[White "Kosintseva, Tatiana"]
[Black "Umudova, Nargiz"]
[Result "1-0"]
[WhiteTitle "GM"]
[BlackTitle "WIM"]
[WhiteElo "2532"]
[BlackElo "2231"]
[WhiteFideId "4133471"]
[BlackFideId "13402137"]
[EventDate "2012.05.31"]

1. e4 c5 2. Nf3 Nc6 3. d4 cxd4 4. Nxd4 g6 5. c4 Bg7 6. Be3 Nf6 7. Nc3 O-O 8. Be2
d6 9. O-O Bd7 10. f3 Nxd4 11. Bxd4 a5 12. b3 Bc6 13. Qd2 Nd7 14. Be3 Nc5 15.
Rab1 Qb6 16. Rfc1 Rfc8 17. Kh1 Be5 18. Qd1 Qd8 19. a3 e6 20. b4 axb4 21. axb4
Na4 22. Nxa4 Bxa4 23. Qd2 Bc6 24. b5 Be8 25. f4 Bg7 26. Bf3 Qe7 27. Qd3 Ra4 28.
h3 Rca8 29. Rd1 Ra3 30. Rb3 Ra1 31. Rxa1 Rxa1+ 32. Kh2 Qc7 33. b6 Qb8 34. Bd4
Bxd4 35. Qxd4 Ra4 36. e5 d5 37. Rc3 Bb5 38. Be2 dxc4 39. Bxc4 Qf8 40. Qd3 Bc6
41. Qe3 h5 42. Bd3 Qb4 43. Rc4 Qb2 44. Rc2 Qb3 45. Rd2 h4 46. Qf2 Qc3 47. Bc2
Ra2 48. Rd8+ Kg7 49. Qxh4 1-0

[Event "Women's World Rapid Championship 2012"]
[Site "Batumi GEO"]
[Date "2012.06.01"]
[Round "4.24"]
[White "Khukhashvili, Sopiko"]
[Black "Ding, Yixin"]
[Result "0-1"]
[WhiteTitle "IM"]
[BlackTitle "WGM"]
[WhiteElo "2414"]
[BlackElo "2353"]
[WhiteFideId "13602055"]
[BlackFideId "8602972"]
[EventDate "2012.05.31"]

1. e4 b6 2. d4 Bb7 3. Nc3 e6 4. Nf3 Nf6 5. Bd3 Bb4 6. e5 Ne4 7. Bd2 Nxd2 8. Qxd2
f5 9. a3 Be7 10. d5 exd5 11. Bxf5 c6 12. O-O Na6 13. e6 O-O 14. Bg4 Nc5 15. exd7
Nxd7 16. Rfe1 Bf6 17. Rad1 Kh8 18. b4 b5 19. Nd4 Ne5 20. Ne6 Qb8 21. Be2 Re8 22.
Nc5 Qc7 23. h3 Rad8 24. Bf1 Bc8 25. Qf4 Re7 26. Qg3 Bf5 27. Re2 Rde8 28. Rde1
Qd8 29. a4 bxa4 30. N3xa4 h6 31. Nb3 Nf7 32. c3 Nd6 33. Nd4 Rxe2 34. Rxe2 Ne4
35. Qf3 Bd7 36. Nc5 Nxc5 37. bxc5 Rxe2 38. Nxe2 Qe7 39. Qg3 Qxc5 40. Qc7 Bf5 41.
Qf7 Kh7 42. Qh5 Bg6 43. Qf3 a5 44. Qg3 Be4 45. Kh1 a4 46. f3 Bc2 47. Qe1 a3 48.
Qc1 Bg6 49. Qd2 Qc4 50. Ng3 Qxc3 51. Qe2 Qe5 52. Qf2 Qb2 0-1

[Event "Women's World Rapid Championship 2012"]
[Site "Batumi GEO"]
[Date "2012.06.01"]
[Round "5.1"]
[White "Koneru, Humpy"]
[Black "Huang, Qian"]
[Result "1/2-1/2"]
[WhiteTitle "GM"]
[BlackTitle "WGM"]
[WhiteElo "2589"]
[BlackElo "2417"]
[WhiteFideId "5008123"]
[BlackFideId "8602689"]
[EventDate "2012.05.31"]

1. d4 d6 2. Nf3 g6 3. c4 Bg7 4. Nc3 e5 5. dxe5 dxe5 6. Qxd8+ Kxd8 7. Be3 Na6 8.
O-O-O+ Ke8 9. h3 h5 10. g3 f6 11. Bg2 Bh6 12. Bxh6 Nxh6 13. Rd2 c6 14. Ne4 Ke7
15. Nd6 Nf7 16. Nh4 Rg8 17. Nxc8+ Raxc8 18. Rhd1 Rcd8 19. Rxd8 Nxd8 20. f4 exf4
21. gxf4 f5 22. e3 Nc5 23. Bf3 Nde6 24. b4 Nd7 25. Rg1 Kf7 26. Kc2 Nf6 27. a3 a6
28. Be2 Nf8 29. c5 Ne6 30. Nf3 Nd5 31. Kd2 Kf6 32. Bc4 Rd8 33. Bxd5 Rxd5+ 34.
Ke2 Rd8 35. h4 Nf8 36. Ne5 Rd5 37. Nc4 Rd7 38. a4 Rd8 39. Na5 Rb8 40. Rd1 Ke7
41. Nc4 Rd8 42. Rb1 Ne6 43. Rg1 Kf6 44. Ne5 Nf8 45. Nc4 Ne6 46. Na5 Rd7 47. Rd1
Rxd1 48. Kxd1 Nd8 49. Ke2 Ke6 50. Kd3 Kd5 51. Nc4 Nf7 52. Nb6+ Ke6 53. Kd4 Nh6
54. Nc4 Nf7 55. Na5 Nd8 56. Kc4 Kd7 57. Kd4 Ke6 58. Nb3 Nf7 59. Kc4 Nd8 60. Nd4+
Kf6 61. b5 axb5+ 62. axb5 Ke7 63. b6 Kf6 64. Nf3 Ke7 65. Ne5 Kf6 66. Nf3 Ne6 67.
Nd2 Nd8 68. Nb3 Ne6 69. Na5 Nd8 70. Kd3 Ke6 71. Kd4 Kf6 72. Kc4 Ke6 73. Nb3 Kf6
74. Nd4 Ke7 75. Nf3 Ke6 76. Kd4 Kf6 77. Kc4 Ke6 78. Ng5+ Kf6 79. Nf3 Ke6 80.
Nd4+ Kf6 81. Nc2 Ne6 82. Nb4 Nd8 83. Kd3 Ke7 84. Kd4 Ne6+ 85. Kc4 Nd8 86. Nd3
Ke6 87. Ne1 Ke7 88. Nf3 Ke6 89. Ne5 Kf6 90. Nf3 Ke6 91. Ne5 1/2-1/2

[Event "Women's World Rapid Championship 2012"]
[Site "Batumi GEO"]
[Date "2012.06.01"]
[Round "5.3"]
[White "Paehtz, Elisabeth"]
[Black "Zhao, Xue"]
[Result "0-1"]
[WhiteTitle "IM"]
[BlackTitle "GM"]
[WhiteElo "2491"]
[BlackElo "2549"]
[WhiteFideId "4641833"]
[BlackFideId "8601283"]
[EventDate "2012.05.31"]

1. e4 e5 2. Nf3 Nc6 3. Bc4 Bc5 4. c3 Nf6 5. d3 O-O 6. h3 d5 7. exd5 Nxd5 8. b4
Be7 9. O-O Nb6 10. Bb5 Bf6 11. Nbd2 Qd5 12. Bxc6 Qxc6 13. Ne4 Bf5 14. Nxf6+ Qxf6
15. Qe2 Rfe8 16. Ne1 Qg6 17. Qf3 c6 18. a4 Rad8 19. a5 Nd5 20. a6 b6 21. Ra3 h6
22. g4 Bc8 23. Ng2 Nc7 24. c4 Qd6 25. Rb3 Nxa6 26. Ba3 c5 27. b5 Nc7 28. Ne3 Ne6
29. Nf5 Ng5 30. Qg2 Qg6 31. Nh4 Qf6 32. Bb2 Ne6 33. Qg3 Nf4 34. Re1 h5 35. Ng2
Qg5 36. Bc1 Bb7 37. Nh4 Ne2+ 38. Kh2 Nxc1 39. Rc3 Nxd3 0-1

[Event "Women's World Rapid Championship 2012"]
[Site "Batumi GEO"]
[Date "2012.06.01"]
[Round "5.4"]
[White "Lahno, Kateryna"]
[Black "Javakhishvili, Lela"]
[Result "1-0"]
[WhiteTitle "GM"]
[BlackTitle "IM"]
[WhiteElo "2546"]
[BlackElo "2449"]
[WhiteFideId "14109336"]
[BlackFideId "13601458"]
[EventDate "2012.05.31"]

1. d4 d5 2. c4 c6 3. Nf3 Nf6 4. Qb3 dxc4 5. Qxc4 e6 6. g3 b5 7. Qb3 Bb7 8. Bg2
a6 9. O-O Nbd7 10. Ne5 Nxe5 11. dxe5 Nd7 12. Nc3 Qc7 13. a4 Be7 14. axb5 Nc5 15.
Qc2 cxb5 16. Nxb5 axb5 17. Rxa8+ Bxa8 18. Bxa8 O-O 19. Be4 Qxe5 20. Bxh7+ Kh8
21. Bd3 Nxd3 22. Qxd3 Rd8 23. Qc2 Qc5 24. Qxc5 Bxc5 25. Kg2 Be7 26. Be3 b4 27.
Rc1 Bf6 28. Rc4 Bxb2 29. Rxb4 Bf6 30. Rb7 Kg8 31. Bf4 g5 32. Be3 Kg7 33. Rb4 Kg6
34. h4 gxh4 35. gxh4 Rd5 36. Rg4+ Kh7 37. Bg5 Bxg5 38. Rxg5 Rd2 39. e3 Kh6 40.
Kf3 Rd1 41. Ke4 Rh1 42. Ke5 Rf1 43. Rg2 Ra1 44. Kf6 Ra7 45. Rg7 Ra2 46. Rxf7
Rxf2+ 47. Kxe6 Re2 48. Rf3 Kh5 49. Kf5 Ra2 50. e4 Kxh4 51. e5 Ra8 52. e6 Rf8+
53. Ke4 Re8 54. Ke5 Kg5 55. Rg3+ Kh6 56. Kf6 Rf8+ 57. Ke7 Ra8 58. Kf7 Ra1 59.
Rf3 1-0

[Event "Women's World Rapid Championship 2012"]
[Site "Batumi GEO"]
[Date "2012.06.01"]
[Round "5.5"]
[White "Wang, Jue"]
[Black "Gunina, Valentina"]
[Result "1/2-1/2"]
[BlackTitle "IM"]
[WhiteElo "2364"]
[BlackElo "2530"]
[WhiteFideId "8604070"]
[BlackFideId "4167570"]
[EventDate "2012.05.31"]

1. e4 c6 2. Ne2 d5 3. e5 c5 4. d4 cxd4 5. Nxd4 e6 6. Bd3 Ne7 7. O-O Nec6 8. Nf3
Nd7 9. Re1 g6 10. Nc3 Bg7 11. Bg5 Qb6 12. Bf4 O-O 13. h4 h5 14. Nb5 Nc5 15. Be3
a6 16. b4 Nxb4 17. Nd6 Qc7 18. Bf4 Bd7 19. Bf1 Ne4 20. c4 b5 21. a3 Nc6 22. cxd5
Nc3 23. Qd2 Nxd5 24. Bg3 Na5 25. Rac1 Qb6 26. Nd4 Nb7 27. Ne4 Rac8 28. Rcd1 Nc5
29. Nd6 Rc7 30. Qg5 Kh7 31. Bf4 Nxf4 32. Qxf4 f6 33. Nf3 Bc6 34. exf6 Bxf3 35.
Qxf3 Bxf6 36. Qg3 Rd7 37. Re2 e5 38. Red2 Rfd8 39. Ne4 Rxd2 40. Nxd2 Ne4 41.
Nxe4 Rxd1 42. Qf3 Rd6 43. Nxd6 Qxd6 44. g3 Kg7 45. Bd3 Be7 46. Qe4 Qf6 47. Qe3
Bd8 48. Kg2 Bb6 49. Qf3 Qd6 50. Qb7+ Kh6 51. Qe4 Bc5 52. Qa8 Qf6 53. f3 Bxa3 54.
Qg8 Bc5 55. Bxg6 Qg7 56. Qe8 Be7 57. Bxh5 e4 58. Bg4 exf3+ 59. Bxf3 Qb2+ 60. Kh3
Qe5 61. Qc6+ Bd6 62. Qc1+ Kg6 63. Qg1 b4 64. Bd1 Kh6 65. Qf2 a5 66. Qd2+ Kh7 67.
Qd3+ Kg7 68. Bc2 Kf8 69. Bb3 Kg7 70. Qf3 Qe7 71. g4 a4 72. Bxa4 Qe5 73. Qb7+ Bc7
74. Kg2 Qg3+ 75. Kf1 Qf4+ 76. Ke1 Qg3+ 77. Kd2 Qf4+ 78. Kd3 Kh6 79. Qc6+ Bd6 80.
Qe4 Qf1+ 81. Qe2 Qh3+ 82. Qe3+ Qxe3+ 83. Kxe3 Be7 84. h5 Kg5 85. Kf3 Bf8 86. Bb3
Be7 87. Be6 Bf8 88. Ke4 b3 89. Bxb3 Kxg4 90. Bf7 Kg5 91. Ke5 Bg7+ 92. Ke6 Kh6
93. Kf5 Bd4 94. Bg6 Bg7 95. Kg4 Be5 96. Kf5 Bg7 97. Kg4 Be5 1/2-1/2

[Event "Women's World Rapid Championship 2012"]
[Site "Batumi GEO"]
[Date "2012.06.01"]
[Round "5.6"]
[White "Muzychuk, Anna"]
[Black "Guo, Qi"]
[Result "1-0"]
[WhiteTitle "GM"]
[BlackTitle "WGM"]
[WhiteElo "2598"]
[BlackElo "2360"]
[WhiteFideId "14111330"]
[BlackFideId "8604002"]
[EventDate "2012.05.31"]

1. e4 e6 2. d4 d5 3. Nc3 Nf6 4. Bg5 dxe4 5. Nxe4 Be7 6. Bxf6 gxf6 7. Nf3 f5 8.
Nc3 a6 9. g4 fxg4 10. Ne5 c5 11. Qxg4 cxd4 12. O-O-O Nd7 13. Qxd4 Bf6 14. f4
Nxe5 15. Qxd8+ Bxd8 16. fxe5 Bc7 17. Re1 Rg8 18. Bd3 Rg5 19. Ne4 Rxe5 20. Nf6+
Ke7 21. Ref1 Bb6 22. Bxh7 Be3+ 23. Kb1 Bg5 24. Ng4 Re2 25. h4 Bd2 26. Bd3 Rg2
27. Nf6 Bh6 28. Rh3 Rb8 29. Be4 Rg7 30. Rhf3 b5 31. Nh5 f5 32. Nxg7 Bxg7 33. Bd3
Bb7 34. Re3 Bd4 35. Re2 Kf6 36. c3 Bb6 37. a4 Rh8 38. axb5 axb5 39. Bxb5 Rxh4
40. Bd3 Bc8 41. b4 e5 42. Kc2 Be6 43. c4 Rxc4+ 44. Bxc4 Bxc4 45. Rh1 Bxe2 46.
Rh6+ Kg5 47. Rxb6 f4 48. Kd2 Bf1 49. b5 e4 50. Re6 e3+ 51. Ke1 Bc4 52. Re4 Bd3
53. Rd4 Bf5 54. b6 Bc8 55. Re4 Ba6 56. Re7 Kf6 57. Re4 Kf5 58. Ra4 Bb7 59. Ra7
Be4 60. Ke2 Bc6 61. b7 Bb5+ 62. Ke1 f3 63. Ra2 Bc4 64. Rb2 1-0

[Event "Women's World Rapid Championship 2012"]
[Site "Batumi GEO"]
[Date "2012.06.01"]
[Round "5.8"]
[White "Zhukova, Natalia"]
[Black "Harika, Dronavalli"]
[Result "0-1"]
[WhiteTitle "GM"]
[BlackTitle "GM"]
[WhiteElo "2442"]
[BlackElo "2508"]
[WhiteFideId "14101513"]
[BlackFideId "5015197"]
[EventDate "2012.05.31"]

1. d4 Nf6 2. c4 g6 3. Nc3 Bg7 4. e4 O-O 5. f3 Nc6 6. d5 Nb4 7. Nh3 d6 8. Nf2 c6
9. Be3 e6 10. a3 Na6 11. dxc6 bxc6 12. Be2 d5 13. cxd5 cxd5 14. Qa4 Nc7 15. Rd1
Bd7 16. Qa5 Bc6 17. O-O Nd7 18. Nd3 Nb5 19. Qxd8 Rfxd8 20. Nxb5 Bxb5 21. exd5
Ne5 22. b3 Rxd5 23. Nf4 Bxe2 24. Nxe2 Nd3 25. Nf4 Nxf4 26. Bxf4 Bd4+ 27. Kh1 a5
28. Rd3 a4 29. Rfd1 e5 30. b4 Rad8 31. Be3 Rc8 32. h3 Rc4 33. Kh2 h5 34. Bxd4
exd4 35. b5 Rxb5 36. Rxd4 Rbc5 37. Rd8+ Kg7 38. R1d4 Rc2 39. Rxa4 Rg5 40. h4
Rgxg2+ 41. Kh1 Rgf2 42. Rd1 Rxf3 43. Ra1 Rh3+ 44. Kg1 Rg3+ 45. Kh1 Rcc3 46. Kh2
Kh6 47. Ra2 f5 48. Ra1 Rcd3 49. Ra2 Rb3 50. Ra1 Rgc3 51. Ra2 Rh3+ 52. Kg2 Rbf3
53. Kg1 f4 54. Rb4 Rfg3+ 55. Kf1 Rh1+ 0-1

[Event "Women's World Rapid Championship 2012"]
[Site "Batumi GEO"]
[Date "2012.06.01"]
[Round "5.10"]
[White "Tan, Zhongyi"]
[Black "Khotenashvili, Bela"]
[Result "1-0"]
[WhiteTitle "WGM"]
[BlackTitle "IM"]
[WhiteElo "2430"]
[BlackElo "2500"]
[WhiteFideId "8603642"]
[BlackFideId "13602640"]
[EventDate "2012.05.31"]

1. d4 d5 2. c4 e6 3. Nf3 Nf6 4. g3 Bb4+ 5. Bd2 Bd6 6. Bg2 O-O 7. O-O c6 8. Nc3
Nbd7 9. Qc2 dxc4 10. Rad1 Qe7 11. Bg5 h6 12. Bxf6 Nxf6 13. Nd2 e5 14. Nxc4 exd4
15. Nxd6 Qxd6 16. e3 Be6 17. Rxd4 Qe7 18. h3 Rfd8 19. Rfd1 Rxd4 20. Rxd4 Rd8 21.
Qd2 Rxd4 22. Qxd4 c5 23. Qe5 b6 24. Nd5 Qd8 25. e4 Bxd5 26. exd5 Ne8 27. Qe4 Nd6
28. Qa4 Qc7 29. Bf1 Kf8 30. Qa6 Qb7 31. Qd3 b5 32. Qh7 Qxd5 33. Qh8+ Ke7 34.
Qxg7 Nf5 35. Qg4 Nd4 36. Bg2 Qxa2 37. Qh4+ Kd7 38. Qh5 Qb1+ 39. Kh2 Qf5 40. Qxh6
Qxf2 41. Qh5 Qf5 42. Qh6 a5 43. h4 Qe5 44. Qb6 a4 45. Qb7+ Ke6 46. Qc8+ Ke7 47.
Qa8 Nf5 48. Qf3 Nxh4 49. Qb7+ Kf8 50. Bd5 Nf3+ 51. Bxf3 Qxb2+ 52. Kh3 b4 53.
Qc8+ Kg7 54. Qg4+ Kf6 55. Qf4+ Ke7 56. Qc7+ Kf6 57. Qd8+ Kf5 58. Qc8+ Kf6 59.
Qh8+ 1-0

[Event "Women's World Rapid Championship 2012"]
[Site "Batumi GEO"]
[Date "2012.06.01"]
[Round "5.12"]
[White "Kovalevskaya, Ekaterina"]
[Black "Socko, Monika"]
[Result "1/2-1/2"]
[WhiteTitle "IM"]
[BlackTitle "GM"]
[WhiteElo "2417"]
[BlackElo "2484"]
[WhiteFideId "4116704"]
[BlackFideId "1106619"]
[EventDate "2012.05.31"]

1. Nf3 Nf6 2. g3 g6 3. Bg2 Bg7 4. O-O O-O 5. d4 d6 6. Re1 Nc6 7. d5 Nb8 8. e4 e5
9. c4 Nbd7 10. Nc3 a5 11. Be3 b6 12. h3 Nc5 13. Nh2 Bd7 14. Ng4 Qc8 15. Nxf6+
Bxf6 16. Bh6 Bg7 17. Bxg7 Kxg7 18. Kh2 f5 19. exf5 Rxf5 20. Rf1 Qf8 21. Qd2 Qf7
22. Rae1 Rf8 23. Kg1 Rf6 24. Ne4 Nxe4 25. Rxe4 Rf5 26. Qe2 Qf6 27. h4 Qd8 28.
Qd2 R5f7 29. f4 exf4 30. Rexf4 Rxf4 31. Rxf4 Rxf4 32. Qxf4 Qf6 33. Qxf6+ Kxf6
34. Kf2 Ke5 35. Ke3 b5 36. b3 b4 37. Be4 a4 38. bxa4 Bxa4 39. h5 Be8 40. Bd3 Bf7
41. Be4 Be8 42. Bd3 gxh5 43. Bxh7 Bd7 44. Bc2 Bh3 45. Bd3 Bg4 46. Bc2 Bd7 47.
Bd3 Be8 48. Bc2 Bd7 49. Bd3 1/2-1/2

[Event "Women's World Rapid Championship 2012"]
[Site "Batumi GEO"]
[Date "2012.06.01"]
[Round "5.13"]
[White "Muzychuk, Mariya"]
[Black "Batsiashvili, Nino"]
[Result "1-0"]
[WhiteTitle "IM"]
[BlackTitle "WGM"]
[WhiteElo "2456"]
[BlackElo "2436"]
[WhiteFideId "14114550"]
[BlackFideId "13602993"]
[EventDate "2012.05.31"]

1. e4 c6 2. d4 d5 3. Nc3 dxe4 4. Nxe4 Bf5 5. Ng3 Bg6 6. Nh3 Nf6 7. Bc4 e6 8. Nf4
Bd6 9. c3 Nbd7 10. Qf3 Nb6 11. Bb3 Nbd5 12. Nxg6 hxg6 13. Bg5 a5 14. h4 a4 15.
Bxd5 cxd5 16. a3 Be7 17. Bxf6 gxf6 18. h5 g5 19. h6 Qb6 20. O-O-O Qb3 21. Ne2 b5
22. g4 b4 23. axb4 a3 24. bxa3 Rxa3 25. Kd2 O-O 26. Qd3 Rfa8 27. Rb1 Ra2+ 28.
Ke3 Qc4 29. Qxc4 dxc4 30. b5 Rb8 31. Ra1 Rxa1 32. Rxa1 Rxb5 33. Ra8+ Kh7 34. Ra7
Bd8 35. Rxf7+ Kxh6 36. Rd7 Rd5 37. Ra7 Rd6 38. Ra8 Bc7 39. Rc8 Rd7 40. Re8 e5
41. Ke4 Kg6 42. d5 Bb6 43. f3 Ra7 44. Rc8 Ra2 45. Ng3 Bf2 46. d6 Bxg3 47. d7
Re2+ 48. Kd5 Rd2+ 49. Ke6 Be1 50. d8=Q Rxd8 51. Rxd8 Bxc3 52. Rg8+ Kh7 53. Rc8
Bd4 54. Rxc4 Kg6 55. Rc8 e4 56. fxe4 Kg7 57. Kf5 Bb2 58. Rc7+ Kf8 59. Ke6 Kg8
60. Rf7 1-0

[Event "Women's World Rapid Championship 2012"]
[Site "Batumi GEO"]
[Date "2012.06.01"]
[Round "5.15"]
[White "Mkrtchian, Lilit"]
[Black "Gvetadze, Sofio"]
[Result "1/2-1/2"]
[WhiteTitle "IM"]
[BlackTitle "IM"]
[WhiteElo "2449"]
[BlackElo "2338"]
[WhiteFideId "13300601"]
[BlackFideId "13601440"]
[EventDate "2012.05.31"]

1. d4 Nc6 2. Nf3 d5 3. Bf4 e6 4. e3 Bd6 5. c3 Nf6 6. Bd3 O-O 7. Ne5 Bxe5 8. dxe5
Nd7 9. Nd2 Ncxe5 10. Bxe5 Nxe5 11. Bxh7+ Kxh7 12. Qh5+ Kg8 13. Qxe5 Qd6 14. Qxd6
cxd6 15. O-O-O Bd7 16. f4 b5 17. b4 a5 18. Kb2 Rfc8 19. Nb3 a4 20. Nd2 e5 21. a3
Be6 22. Rhf1 f6 23. f5 Bf7 24. g4 Ra6 25. Rc1 Kf8 26. h4 Ke7 27. Rg1 Rh8 28. h5
Rc6 29. Rge1 Rc7 30. Rh1 Be8 31. Rhg1 Bf7 32. Rh1 Be8 33. Rhg1 Bf7 1/2-1/2

[Event "Women's World Rapid Championship 2012"]
[Site "Batumi GEO"]
[Date "2012.06.01"]
[Round "5.16"]
[White "Pogonina, Natalija"]
[Black "Purtseladze, Maka"]
[Result "1-0"]
[WhiteTitle "WGM"]
[BlackTitle "IM"]
[WhiteElo "2447"]
[BlackElo "2348"]
[WhiteFideId "4147855"]
[BlackFideId "13602659"]
[EventDate "2012.05.31"]

1. e4 c6 2. d4 d5 3. e5 Bf5 4. Nf3 e6 5. Be2 Nd7 6. O-O Ne7 7. Nh4 Bg6 8. Nxg6
hxg6 9. Nd2 Nf5 10. Nf3 Be7 11. b3 Qc7 12. c4 O-O-O 13. cxd5 exd5 14. Bf4 Nf8
15. Qd2 Ne6 16. b4 Bxb4 17. Qxb4 Nxf4 18. Bd1 Qb6 19. Qxb6 axb6 20. Ng5 Rhf8 21.
Bg4 Ne6 22. Bxf5 gxf5 23. Nxe6 fxe6 24. a4 g5 25. Rab1 Kc7 26. Rb4 Ra8 27. Rfb1
Ra6 28. g3 Rfa8 29. Kg2 g4 30. h4 gxh3+ 31. Kxh3 Rxa4 32. Rxb6 R8a7 33. Kh4
Rxd4+ 34. Kg5 Rg4+ 35. Kf6 f4 36. R6b4 b5 37. Kxe6 Ra2 38. Rxf4 Rxf4 39. gxf4
Rxf2 40. f5 d4 41. f6 b4 42. Ke7 d3 43. f7 c5 44. f8=Q Rxf8 45. Kxf8 d2 46. e6 1-0

[Event "Women's World Rapid Championship 2012"]
[Site "Batumi GEO"]
[Date "2012.06.01"]
[Round "5.17"]
[White "Arakhamia-Grant, Ketevan"]
[Black "Cori T., Deysi"]
[Result "1-0"]
[WhiteTitle "GM"]
[BlackTitle "WGM"]
[WhiteElo "2426"]
[BlackElo "2386"]
[WhiteFideId "13600168"]
[BlackFideId "3801934"]
[EventDate "2012.05.31"]

1. e4 e6 2. d4 d5 3. Nc3 Bb4 4. e5 c5 5. a3 Bxc3+ 6. bxc3 Nc6 7. Nf3 Bd7 8. Bd3
Qa5 9. Bd2 c4 10. Be2 Nge7 11. O-O h6 12. a4 Nc8 13. Qc1 Nb6 14. Qa3 Ne7 15.
Rfb1 Qxa4 16. Qc5 Qxc2 17. Bd1 Qd3 18. Rb2 Qg6 19. Bc2 Qh5 20. Qc7 O-O 21. Rxb6
axb6 22. Rxa8 Rxa8 23. Qxd7 Nf5 24. h3 Ra2 25. Bxf5 Qxf5 26. Qxb7 Rb2 27. Be3 b5
28. Kh2 g5 29. Qc8+ Kg7 30. Qc5 Rb3 31. Nd2 Rxc3 32. Qxb5 Rc2 33. Nf1 h5 34. Ng3
Qg6 35. Qb1 Rc3 36. Qd1 g4 37. h4 Rb3 38. Ne2 Rb1 39. Qd2 Qd3 1-0

[Event "Women's World Rapid Championship 2012"]
[Site "Batumi GEO"]
[Date "2012.06.01"]
[Round "5.18"]
[White "Bezgodova, Svetlana"]
[Black "Kosintseva, Tatiana"]
[Result "0-1"]
[WhiteTitle "WIM"]
[BlackTitle "GM"]
[WhiteElo "2120"]
[BlackElo "2532"]
[WhiteFideId "4110650"]
[BlackFideId "4133471"]
[EventDate "2012.05.31"]

1. Nf3 d5 2. c3 Nf6 3. d3 e6 4. Nbd2 Be7 5. e4 O-O 6. Be2 c5 7. O-O Nc6 8. Re1
b5 9. Bf1 b4 10. Qc2 a5 11. g3 Ba6 12. exd5 Qxd5 13. Ne4 Rad8 14. Nxf6+ Bxf6 15.
Re3 bxc3 16. bxc3 Nb4 17. cxb4 Bxa1 18. bxc5 Rc8 19. Ba3 Rfd8 20. h4 Bb7 21. Bg2
Bd4 22. Ne1 Qd7 23. Re4 Bxe4 24. Bxe4 Qc7 25. c6 Qxg3+ 26. Ng2 f5 27. Kf1 Qh3
28. c7 fxe4 29. cxd8=Q+ Rxd8 30. Qc7 Qxd3+ 31. Kg1 Qd1+ 32. Kh2 Bxf2 33. Bb2
Qg1+ 34. Kh3 Rd3+ 0-1

[Event "Women's World Rapid Championship 2012"]
[Site "Batumi GEO"]
[Date "2012.06.01"]
[Round "5.19"]
[White "Lomineishvili, Maia"]
[Black "Arabidze, Meri"]
[Result "1-0"]
[WhiteTitle "IM"]
[BlackTitle "WIM"]
[WhiteElo "2366"]
[BlackElo "2351"]
[WhiteFideId "13600656"]
[BlackFideId "13604040"]
[EventDate "2012.05.31"]

1. d4 Nf6 2. c4 e6 3. Nf3 b6 4. e3 Bb7 5. Nc3 d5 6. cxd5 exd5 7. Bb5+ c6 8. Bd3
Be7 9. O-O O-O 10. Ne5 c5 11. Ne2 Nc6 12. b3 Qc7 13. Bb2 Nxe5 14. dxe5 Nd7 15.
f4 c4 16. Bc2 Nc5 17. Ng3 Ne4 18. Bxe4 dxe4 19. Nf5 Rfd8 20. Qg4 Bf8 21. Rac1
Qd7 22. Nh6+ Kh8 23. f5 Qd2 24. Nxf7+ Kg8 25. Nxd8 Rxd8 26. Bd4 Rxd4 27. exd4
Qxd4+ 28. Kh1 Qxe5 29. f6 e3 30. Qxc4+ Bd5 31. f7+ Kh8 32. Qe2 Bb7 33. Rce1 Qe4
34. Rf3 Qg6 35. Qxe3 Bxf3 36. Qxf3 Qd6 37. Qe4 g6 38. Qe5+ Qxe5 39. Rxe5 Kg7 40.
Rd5 Kxf7 41. Rd7+ Kf6 42. Rxa7 1-0

[Event "Women's World Rapid Championship 2012"]
[Site "Batumi GEO"]
[Date "2012.06.01"]
[Round "5.20"]
[White "Mammadova, Gulnar"]
[Black "Klinova, Masha"]
[Result "0-1"]
[WhiteTitle "WIM"]
[BlackTitle "IM"]
[WhiteElo "2345"]
[BlackElo "2318"]
[WhiteFideId "13403508"]
[BlackFideId "2802015"]
[EventDate "2012.05.31"]

1. e4 c6 2. d4 d5 3. e5 Bf5 4. Nf3 e6 5. Be2 Ne7 6. O-O h6 7. Be3 Nd7 8. c4 dxc4
9. Bxc4 Nd5 10. Nc3 Be7 11. Bd3 Bxd3 12. Qxd3 O-O 13. Qd2 Nxe3 14. fxe3 c5 15.
d5 exd5 16. Qxd5 Qc8 17. e6 Nb6 18. exf7+ Rxf7 19. Qe4 Bf6 20. Rad1 Qe8 21. Qd3
Rd8 22. Qe2 Rxd1 23. Rxd1 Re7 24. Kf2 Qf7 25. Qc2 Re8 26. Ne4 Qe6 27. Nxf6+ Qxf6
28. Qxc5 Qxb2+ 29. Rd2 Qf6 30. a4 Qe6 31. a5 Nc4 32. Re2 b6 33. axb6 axb6 34.
Qd4 b5 35. Qc5 Nd6 36. Qb4 Rc8 37. Qb2 Ne4+ 38. Kg1 Qc4 39. Qa2 Qxa2 40. Rxa2
Rc1+ 0-1

[Event "Women's World Rapid Championship 2012"]
[Site "Batumi GEO"]
[Date "2012.06.01"]
[Round "5.21"]
[White "Gurieli, Nino"]
[Black "Danielian, Elina"]
[Result "0-1"]
[WhiteTitle "IM"]
[BlackTitle "GM"]
[WhiteElo "2329"]
[BlackElo "2484"]
[WhiteFideId "13600222"]
[BlackFideId "13300210"]
[EventDate "2012.05.31"]

1. Nf3 Nf6 2. g3 d5 3. Bg2 c6 4. O-O Bg4 5. c4 e6 6. Ne5 Bf5 7. d4 Nbd7 8. Nc3
Be7 9. Bf4 O-O 10. Qb3 Qb6 11. Nxd7 Nxd7 12. e4 dxe4 13. Nxe4 Bxe4 14. Bxe4 Qxd4
15. Qc2 Nf6 16. Bd3 Rfd8 17. Rad1 Qc5 18. Rfe1 Qb6 19. a3 a5 20. Be5 h6 21. Qe2
Kf8 22. Kg2 Nd7 23. Bf4 Nf6 24. Be5 Rd7 25. Qf3 Rad8 26. h4 a4 27. g4 Rxd3 28.
Rxd3 Rxd3 29. Qxd3 Nxg4 30. Bd4 c5 31. Qh7 f6 32. Bc3 Qd6 33. Rh1 Qf4 34. f3
Ne3+ 35. Kf2 Nf5 36. Rh3 Qe3+ 37. Kf1 Qd3+ 38. Ke1 Qxc4 39. Qg6 Qf4 40. Qg4 Qc1+
41. Kf2 Qe3+ 42. Kf1 Qd3+ 43. Kf2 Qe3+ 44. Kf1 b5 45. Qe4 Kf7 46. Kg2 h5 47. Rh1
Qxe4 48. fxe4 Nd6 49. e5 Ne4 50. exf6 gxf6 51. Ba5 e5 52. Rd1 Ke6 53. Kf3 f5 54.
Rg1 b4 55. Rg6+ Kd5 56. Rg7 Bd6 57. axb4 cxb4 58. Ra7 Nd2+ 59. Ke2 Nc4 60. Bxb4
Bxb4 61. Rxa4 Bc5 62. Ra6 f4 63. Rh6 Ke4 64. Rf6 Nxb2 65. Rc6 Bd4 66. Rc2 Na4 0-1